| 000 | 00761nam a22001937a 4500 | ||
|---|---|---|---|
| 003 | NUST | ||
| 005 | 20260105175612.0 | ||
| 008 | 240924b ||||| |||| 00| 0 eng d | ||
| 082 | _a621.382,ASM | ||
| 100 |
_aAsmat, Mehran _9126030 |
||
| 245 |
_aMobile Network Monitoring Application / _cMehran Asmat, Muhammad Ihtesham, Muhammad Jawad Sultan and Ameer Hamza |
||
| 260 |
_aRawalpindi _bMCS (NUST) _c2024 |
||
| 300 | _a62 p.; | ||
| 505 | _aIntroduction (Page-2), Literature Review (Page-23), Interfacing and Detection (Page-29), Code Analysis and Evaluation (Page-38), Conclusion (Page-43), Future Work (Page-46). | ||
| 650 |
_aUG EE Project _9118090 |
||
| 651 |
_aBEE-57 _9125983 |
||
| 700 |
_aSupervised by Dr. Faisal Akram _9132720 |
||
| 942 |
_2ddc _cPR |
||
| 999 |
_c611759 _d611759 |
||